000 00884nam a22001695i 4500
001 166647
003 ES-MaACL
005 20230906213355.0
008 050916s1881 sp | |||||||| ||spa d
040 _aCAM
_bspa
_cCAM
100 1 _aTro y Moxó, Luis María de.
_9111470
245 1 0 _aRelación de los hechos virtuosos premiados por el jurado de la Sociedad Económica Matritense en el concurso de 1880
_b: leída en junta pública de 28 de mayo de 1881 con motivo del segundo centenario de Calderón /
_cpor Luis María de Tró y Moxó.
260 _aMadrid :
_b[s.n.],
_c1881 (
_fR. Velasco, imp.)
300 _a30 p. ;
_c21 cm.
710 2 _aReal Sociedad Económica Matritense de Amigos del País.
_96389
852 _aES-MaACL
_jT-362-F-13
_z-- Enc. hol., falto de la cub. original
_z-- An. ms.: ded. de José Rodríguez Mourelo al Ateneo de Madrid
_z-- Enc. en un vol. facticio
999 _c166647
_d166647